| 000 | 00509 a2200181 4500 | ||
|---|---|---|---|
| 020 | _a9788131734483 | ||
| 040 |
_aDLC _bDLC |
||
| 082 | 0 | 0 | _a621.395 |
| 100 | 1 | _aFloyd, Thomas L. | |
| 245 | 1 | 0 |
_aDigital fundamentals _cThomas L. Floyd. |
| 250 | _a10th ed. | ||
| 260 |
_aUpper Saddle River, N.J. : _bPrentice Hall, _c2011. |
||
| 300 |
_axvii, 659p. : _bill. (some col.) ; _c28 cm. + |
||
| 500 | _aIncludes index. | ||
| 650 | 0 | _aDigital electronics. | |
| 650 | 0 | _aLogic circuits. | |
| 942 |
_cBK _k621.395 FLO _2ddc |
||
| 999 |
_c10657 _d10657 |
||